| 000 | 01151nam a22002177a 4500 | ||
|---|---|---|---|
| 003 | OSt | ||
| 005 | 20170511115629.0 | ||
| 008 | 150407b xxu||||| |||| 00| 0 eng d | ||
| 040 | _cCRI | ||
| 082 | _a371.264 | ||
| 100 |
_941237 _aColocho Castillo, Wengeslao Gabriel |
||
| 245 | 1 | 0 |
_aCapacitación de administrador, docentes y alumnos; en el aula virtual como herramienta de apoyo que nos facilite la interacción de docentes-alumnos dentro y fuera de clases en el área de matemática _b: Proyecto _cWengeslao Gabriel Colocho Castillo, Mayra Georgina Henríquez Colocho, Victor Valentin Romero Melara |
| 260 |
_aIlobasco (Cabañas) _bUniversidad Católica de El Salvador _c2012 |
||
| 300 |
_a238 p. _c27 cm _e+ 1 disco compacto |
||
| 502 | _aTrabajo de graduación para optar al grado académico de Licenciado/a en Ciencias de la Educación Especialidad en Matemática | ||
| 650 | 0 |
_910427 _aRendimiento académico |
|
| 700 |
_941238 _aHenríquez Colocho, Mayra Georgina |
||
| 700 |
_941239 _aRomero Melara, Víctor Valentin |
||
| 710 |
_940915 _aUniversidad Católica de El Salvador _bCentro Regional de Ilobasco |
||
| 942 |
_2ddc _cTG _hprozim |
||
| 999 |
_c27689 _d27689 |
||